América Latina y el concenso de Washington. América Latina: la fatiga de la reforma /

Αποθηκεύτηκε σε:
Λεπτομέρειες βιβλιογραφικής εγγραφής
Κύριος συγγραφέας: Ortíz, Guillermo
Μορφή: Κείμενο
Θέματα:
Ετικέτες: Προσθήκη ετικέτας
Δεν υπάρχουν, Καταχωρήστε ετικέτα πρώτοι!

MARC

LEADER 00000 a a2200000 04500
001 8075
003
040
100 |a Ortíz, Guillermo  
245 |a América Latina y el concenso de Washington. América Latina: la fatiga de la reforma /  |c Guillermo Ortíz 
650 |a REFORMA ECONOMICA  
650 |a EVALUACION  
650 |a DESEMPEÑO ECONOMICO  
773 |g volumen 40, número 3; páginas 14-17  
999 |c 20311  |d 20311